[Event "Kvika Reykjavik Open 2022"]
[Site "Reykjavik, Iceland"]
[Date "2022.04.09"]
[Round "5.25"]
[White "Domalchuk-Jonasson, Aleksandr"]
[Black "Song, Julien"]
[Result "0-1"]
[WhiteElo "2169"]
[BlackElo "2373"]
[PlyCount "98"]
[EventDate "2022.??.??"]

1. d4 {[%eval 3,0]} Nf6 {[%eval 23,0]} 2. c4 {[%eval 2,0]} e6 {[%eval 23,0]} 3.
Nc3 {[%eval 5,0]} Bb4 {[%eval 25,0]} 4. e3 {[%eval 0,0]} O-O {[%eval 21,0]} 5.
Bd2 {[%eval 9,0]} d5 {[%eval 13,0]} 6. Nf3 {[%eval 0,0]} b6 {[%eval 1,0]} 7.
cxd5 {[%eval 0,0]} exd5 {[%eval 17,0]} 8. Rc1 {[%eval 34,0]} c5 {[%eval 3,0]}
9. Bd3 $6 {[%eval 48,0] Inaccuracy. Be2 was best.} (9. Be2 Bxc3 10. Bxc3 c4 11.
b3 b5 12. O-O Ne4 13. Be1 Be6 14. Nd2 Nxd2 15. Qxd2 Nc6) 9... c4 {[%eval 46,0]}
10. Bb1 {[%eval 28,0]} Bg4 {[%eval 11,0]} 11. h3 {[%eval 32,0]} Bh5 {[%eval 44,
0]} 12. g4 {[%eval 62,0]} Bg6 {[%eval 73,0]} 13. Bxg6 {[%eval 5,0]} fxg6 {
[%eval 53,0]} 14. O-O {[%eval 86,0]} Bxc3 {[%eval 98,0]} 15. Bxc3 {[%eval -95,
0]} Ne4 $6 {[%eval 44,0] Inaccuracy. b5 was best.} (15... b5 16. a4) 16. Bb4 {
[%eval 18,0]} Rf6 {[%eval 64,0]} 17. Ne5 {[%eval 71,0]} Nc6 {[%eval 75,0]} 18.
Nxc6 $6 {[%eval -67,0] Inaccuracy. Be1 was best.} (18. Be1 Qd6 19. f3 Raf8 20.
Nxc6 Qxc6 21. Bh4 R6f7 22. Qe2 Nf6 23. Kg2 b5 24. Qd2 Qd6) 18... Rxc6 {[%eval
-79,0]} 19. f3 {[%eval -83,0]} Nf6 {[%eval -99,0]} 20. e4 {[%eval -77,0]} a5 {
[%eval 99,0]} 21. Ba3 {[%eval 93,0]} b5 {[%eval -96,0]} 22. Bc5 {[%eval -98,0]}
dxe4 {[%eval 98,0]} 23. fxe4 {[%eval -92,0]} Nd7 {[%eval 96,0]} 24. Qf3 $6 {
[%eval -27,0] Inaccuracy. a4 was best.} (24. a4) 24... Nxc5 {[%eval -1,0]} 25.
dxc5 {[%eval -7,0]} Qd4+ {[%eval -197,0]} 26. Qf2 {[%eval -182,0]} Qxc5 {
[%eval -200,0]} 27. Qxc5 {[%eval -92,0]} Rxc5 {[%eval -91,0]} 28. Rcd1 {
[%eval -176,0]} Rf8 {[%eval -172,0]} 29. Rxf8+ {[%eval -173,0]} Kxf8 {[%eval
-164,0]} 30. Rd7 $2 {[%eval -339,0] Mistake. Kf2 was best.} (30. Kf2 Ke7) 30...
b4 {[%eval -400,0]} 31. Kf2 {[%eval -382,0]} c3 {[%eval -466,0]} 32. bxc3 {
[%eval -446,0]} Rxc3 $6 {[%eval -391,0] Inaccuracy. bxc3 was best.} (32... bxc3
) 33. Ke2 $6 {[%eval -575,0] Inaccuracy. h4 was best.} (33. h4) 33... Rxh3 {
[%eval -413,0]} 34. e5 {[%eval -505,0]} h5 {[%eval -696,0]} 35. g5 {[%eval
-672,0]} Rg3 {[%eval -697,0]} 36. Ra7 {[%eval -501,0]} Ra3 {[%eval -676,0]} 37.
e6 {[%eval -638,0]} h4 {[%eval -692,0]} 38. Rf7+ {[%eval -634,0]} Ke8 {[%eval
-641,0]} 39. Rxg7 {[%eval -639,0]} h3 {[%eval -764,0]} 40. Rxg6 {[%eval -777,0]
} h2 {[%eval -795,0]} 41. Rh6 {[%eval -757,0]} b3 {[%eval -552,0]} 42. g6 $6 {
[%eval -1282,0] Inaccuracy. axb3 was best.} (42. axb3 Ra1 43. Rxh2 Ra2+ 44. Kd3
Rxh2 45. g6 Rg2 46. b4 axb4 47. Kc4 Rxg6 48. Kxb4 Rg4+) 42... bxa2 {[%eval
-1588,0]} 43. g7 {[%eval -1393,0]} Rg3 {[%eval -819,0]} 44. Rxh2 $2 {[%eval
-32743,0] Checkmate is now unavoidable. Rh8+ was best.} (44. Rh8+ Ke7) 44...
a1=Q {[%eval -32749,0]} 45. Rh8+ {[%eval -32753,0]} Ke7 {[%eval -32755,0]} 46.
g8=Q {[%eval -32755,0]} Rxg8 $6 {[%eval -5997,0] Lost forced checkmate
sequence. Qb2+ was best.} (46... Qb2+ 47. Ke1 Qc1+ 48. Kf2 Qg1+ 49. Ke2 Re3+
50. Kd2 Qf2+ 51. Kd1 Re1#) 47. Rxg8 {[%eval -1023,0]} Kxe6 {[%eval -592,0]} 48.
Rg3 {[%eval -616,0]} Qb2+ {[%eval -765,0]} 49. Kd1 {[%eval -5986,0]} a4 {
[%eval -5979,0]} 0-1

[Event "Kvika Reykjavik Open 2022"]
[Site "Reykjavik, Iceland"]
[Date "2022.04.09"]
[Round "5.26"]
[White "Decosse, Jean-Fabien"]
[Black "Dishman, stephen"]
[Result "0-1"]
[WhiteElo "2160"]
[BlackElo "2339"]
[PlyCount "103"]
[EventDate "2022.??.??"]

1. d4 {[%eval 3,0]} d5 {[%eval 35,0]} 2. c4 {[%eval 36,0]} c6 {[%eval 28,0]} 3.
Nf3 {[%eval 38,0]} Nf6 {[%eval 38,0]} 4. e3 {[%eval 24,0]} Bf5 {[%eval 3,0]} 5.
Nc3 {[%eval 14,0]} e6 {[%eval 24,0]} 6. Nh4 {[%eval 28,0]} Be4 {[%eval 16,0]}
7. f3 {[%eval 33,0]} Bg6 {[%eval 34,0]} 8. Qb3 {[%eval 36,0]} Qc7 {[%eval 39,0]
} 9. Nxg6 {[%eval 27,0]} hxg6 {[%eval 18,0]} 10. Bd2 {[%eval 18,0]} Be7 {
[%eval 44,0]} 11. O-O-O {[%eval 42,0]} dxc4 {[%eval 49,0]} 12. Bxc4 {[%eval 29,
0]} b5 {[%eval 34,0]} 13. Bd3 {[%eval 12,0]} a5 {[%eval 16,0]} 14. Qc2 $6 {
[%eval 61,0] Inaccuracy. Kb1 was best.} (14. Kb1 a4 15. Qc2 a3 16. b3 Na6 17.
h4 Qb7 18. Ne4 Nb4 19. Bxb4 Bxb4 20. Nxf6+ gxf6) 14... Na6 {[%eval 72,0]} 15.
Ne2 $6 {[%eval -25,0] Inaccuracy. Ne4 was best.} (15. Ne4 Nd5) 15... O-O {
[%eval -27,0]} 16. Kb1 {[%eval -55,0]} a4 $6 {[%eval 43,0] Inaccuracy. Nb4 was
best.} (16... Nb4 17. Bxb4 axb4 18. Nc1 Nd5 19. Rhe1 Rfc8 20. Qb3 Qa7 21. Be4
Nf6 22. Nd3 Nxe4 23. fxe4) 17. Rc1 {[%eval 81,0]} Rfc8 {[%eval 88,0]} 18. e4 $6
{[%eval -54,0] Inaccuracy. h4 was best.} (18. h4 c5) 18... a3 $6 {[%eval 71,0]
Inaccuracy. Qd7 was best.} (18... Qd7) 19. b3 {[%eval -85,0]} Qb7 {[%eval -34,
0]} 20. Be3 {[%eval -71,0]} c5 {[%eval -83,0]} 21. dxc5 {[%eval -37,0]} Nxc5 $2
{[%eval 35,0] Mistake. Bxc5 was best.} (21... Bxc5) 22. Bxc5 $4 {[%eval -261,0]
Blunder. Nd4 was best.} (22. Nd4 b4) 22... Bxc5 {[%eval -103,0]} 23. Qd2 {
[%eval -294,0]} Qb6 {[%eval -278,0]} 24. Rhd1 {[%eval -291,0]} Rc7 {[%eval
-272,0]} 25. Qe1 {[%eval -229,0]} Rac8 {[%eval -277,0]} 26. Rc2 {[%eval -295,0]
} Nd7 {[%eval -285,0]} 27. f4 {[%eval -262,0]} Nb8 $2 {[%eval -31,0] Mistake.
Nf6 was best.} (27... Nf6) 28. Nc3 $4 {[%eval -337,0] Blunder. f5 was best.} (
28. f5 g5) 28... Bf8 $2 {[%eval -158,0] Mistake. Be7 was best.} (28... Be7) 29.
Rdc1 $4 {[%eval -434,0] Blunder. f5 was best.} (29. f5) 29... Qd4 $4 {[%eval
91,0] Blunder. Na6 was best.} (29... Na6) 30. Nxb5 {[%eval 62,0]} Qxd3 {
[%eval 71,0]} 31. Nxc7 {[%eval -91,0]} Rxc7 {[%eval 72,0]} 32. Qe2 {[%eval 34,
0]} Qxe2 {[%eval -88,0]} 33. Rxe2 {[%eval 65,0]} Rxc1+ {[%eval 18,0]} 34. Kxc1
{[%eval 29,0]} Nc6 {[%eval 1,0]} 35. Kd2 {[%eval 13,0]} Nb4 {[%eval 21,0]} 36.
Kc3 {[%eval 0,0]} f5 {[%eval 1,0]} 37. Kd4 $6 {[%eval 74,0] Inaccuracy. exf5
was best.} (37. exf5 gxf5 38. Kc4 Kf7 39. Rd2 Nd5 40. g3 Kf6 41. Rd3 g5 42.
fxg5+ Kxg5 43. b4 Bxb4) 37... Kf7 {[%eval 53,0]} 38. h4 $2 {[%eval -37,0]
Mistake. g3 was best.} (38. g3) 38... Be7 $6 {[%eval 65,0] Inaccuracy. fxe4
was best.} (38... fxe4 39. g4) 39. g3 $4 {[%eval -365,0] Blunder. exf5 was
best.} (39. exf5) 39... fxe4 {[%eval -367,0]} 40. Kxe4 {[%eval -485,0]} Bf6 {
[%eval -454,0]} 41. Rd2 {[%eval -416,0]} Bb2 $6 {[%eval -394,0] Inaccuracy.
Ke7 was best.} (41... Ke7 42. g4) 42. Rd7+ {[%eval -394,0]} Kf8 {[%eval -378,0]
} 43. Ra7 {[%eval -359,0]} Nxa2 {[%eval -377,0]} 44. Kd3 {[%eval -365,0]} Nb4+
{[%eval -205,0]} 45. Kc4 {[%eval -378,0]} a2 {[%eval -368,0]} 46. Kxb4 {
[%eval -361,0]} a1=Q {[%eval -363,0]} 47. Rxa1 {[%eval -351,0]} Bxa1 {[%eval
-363,0]} 48. Kc5 {[%eval -327,0]} e5 {[%eval -303,0]} 49. b4 {[%eval -454,0]}
exf4 {[%eval -567,0]} 50. gxf4 {[%eval -421,0]} Bf6 {[%eval -598,0]} 51. b5 {
[%eval -523,0]} Bxh4 {[%eval -592,0]} 52. Kd4 {[%eval -639,0]} 0-1

[Event "Kvika Reykjavik Open 2022"]
[Site "Reykjavik, Iceland"]
[Date "2022.04.09"]
[Round "5.27"]
[White "Marie, Maxime"]
[Black "Brunello, Marina"]
[Result "0-1"]
[WhiteElo "2150"]
[BlackElo "2337"]
[PlyCount "76"]
[EventDate "2022.??.??"]

1. c4 {[%eval 23,0]} e5 {[%eval 25,0]} 2. g3 {[%eval 12,0]} Nf6 {[%eval 22,0]}
3. Bg2 {[%eval 16,0]} c6 {[%eval 16,0]} 4. Nf3 {[%eval 16,0]} e4 {[%eval 4,0]}
5. Nd4 {[%eval 13,0]} Qb6 {[%eval 13,0]} 6. e3 {[%eval 12,0]} d5 {[%eval 3,0]}
7. cxd5 {[%eval 3,0]} cxd5 {[%eval 12,0]} 8. d3 {[%eval 5,0]} Nc6 {[%eval 17,0]
} 9. Nxc6 {[%eval 33,0]} bxc6 {[%eval 13,0]} 10. dxe4 {[%eval 22,0]} Nxe4 {
[%eval 19,0]} 11. O-O {[%eval 17,0]} Ba6 {[%eval 3,0]} 12. Re1 {[%eval 3,0]}
Bb4 {[%eval 9,0]} 13. Nd2 $6 {[%eval 6,0] Inaccuracy. Bd2 was best.} (13. Bd2
O-O 14. Qc2 Nxd2 15. Nxd2 Rab8 16. Rec1 Bxd2 17. Qxd2 Qxb2 18. Qxb2 Rxb2 19.
Rxc6 Bc4) 13... O-O {[%eval -99,0]} 14. Qc2 {[%eval 49,0]} f5 {[%eval 17,0]}
15. a3 {[%eval 8,0]} Bxd2 {[%eval 12,0]} 16. Bxd2 {[%eval 24,0]} c5 {[%eval 39,
0]} 17. Rad1 {[%eval 19,0]} Rac8 {[%eval 6,0]} 18. b3 $2 {[%eval -52,0]
Mistake. f3 was best.} (18. f3 Nxd2 19. Rxd2 d4 20. Bf1 Bxf1 21. Kxf1 Qb5+ 22.
Kf2 Rfd8 23. Red1 g6 24. exd4 cxd4) 18... d4 {[%eval -77,0]} 19. Bc1 $6 {
[%eval -92,0] Inaccuracy. exd4 was best.} (19. exd4 cxd4) 19... Rfd8 $6 {
[%eval 82,0] Inaccuracy. d3 was best.} (19... d3 20. Rxd3) 20. Bxe4 $6 {
[%eval -37,0] Inaccuracy. Bf1 was best.} (20. Bf1) 20... fxe4 {[%eval -21,0]}
21. Qxe4 {[%eval -28,0]} d3 {[%eval -61,0]} 22. Bd2 {[%eval -88,0]} Bb7 {
[%eval 26,0]} 23. Qg4 $2 {[%eval -44,0] Mistake. Qf5 was best.} (23. Qf5) 23...
Qxb3 {[%eval -79,0]} 24. e4 {[%eval -71,0]} Ba8 {[%eval 95,0]} 25. Rc1 {
[%eval -87,0]} Qf7 {[%eval 91,0]} 26. Re3 {[%eval -73,0]} h5 {[%eval -68,0]}
27. Qg5 {[%eval -61,0]} c4 {[%eval -65,0]} 28. Bc3 {[%eval -76,0]} Re8 {
[%eval 76,0]} 29. Rf3 {[%eval 73,0]} Qd7 {[%eval 65,0]} 30. Rf6 $4 {[%eval
-288,0] Blunder. Rf4 was best.} (30. Rf4 Bxe4) 30... Rxe4 {[%eval -233,0]} 31.
Rd6 {[%eval -384,0]} Qb7 $6 {[%eval -129,0] Inaccuracy. Qe7 was best.} (31...
Qe7) 32. f3 {[%eval -155,0]} Rg4 {[%eval -297,0]} 33. Rd8+ {[%eval -111,0]}
Rxd8 {[%eval -138,0]} 34. Qxd8+ {[%eval -275,0]} Kh7 {[%eval -117,0]} 35. Qe8
$4 {[%eval -792,0] Blunder. Rf1 was best.} (35. Rf1 Rg6) 35... Rxg3+ {[%eval
-639,0]} 36. hxg3 {[%eval -605,0]} Qxf3 {[%eval -663,0]} 37. Qxa8 {[%eval -613,
0]} Qxa8 {[%eval -793,0]} 38. Rf1 {[%eval -799,0]} Qd5 {[%eval -643,0]} 0-1

[Event "Kvika Reykjavik Open 2022"]
[Site "Reykjavik, Iceland"]
[Date "2022.04.09"]
[Round "5.28"]
[White "Johannsson, Birkir Isak"]
[Black "Cummings, David H."]
[Result "0-1"]
[WhiteElo "2117"]
[BlackElo "2321"]
[PlyCount "52"]
[EventDate "2022.??.??"]

1. d4 {[%eval 3,0]} Nf6 {[%eval 23,0]} 2. Nf3 {[%eval 12,0]} d5 {[%eval 25,0]}
3. c4 {[%eval 16,0]} e6 {[%eval 17,0]} 4. Nc3 {[%eval 0,0]} c6 {[%eval 36,0]}
5. e3 {[%eval 1,0]} Nbd7 {[%eval 23,0]} 6. Be2 {[%eval 13,0]} Bd6 {[%eval 26,0]
} 7. O-O {[%eval 21,0]} O-O {[%eval 17,0]} 8. b3 {[%eval 34,0]} b6 {[%eval 25,
0]} 9. Bb2 {[%eval 22,0]} Bb7 {[%eval 31,0]} 10. Qc2 {[%eval 2,0]} Qe7 {
[%eval 18,0]} 11. Rfd1 {[%eval 9,0]} Rfd8 {[%eval 5,0]} 12. Rac1 {[%eval 4,0]}
Rac8 {[%eval 1,0]} 13. Qb1 {[%eval 0,0]} c5 {[%eval 2,0]} 14. cxd5 {[%eval 25,
0]} exd5 {[%eval 6,0]} 15. g3 {[%eval 5,0]} a6 {[%eval 3,0]} 16. dxc5 {[%eval
15,0]} bxc5 {[%eval 44,0]} 17. Re1 {[%eval 2,0]} Qf8 {[%eval 1,0]} 18. Qa1 $4 {
[%eval -31,0] Blunder. Nh4 was best.} (18. Nh4) 18... Re8 {[%eval -41,0]} 19.
Nd2 $6 {[%eval -182,0] Inaccuracy. Na4 was best.} (19. Na4 d4) 19... Ne5 $2 {
[%eval 94,0] Mistake. d4 was best.} (19... d4 20. exd4) 20. Nd1 $4 {[%eval
-284,0] Blunder. Na4 was best.} (20. Na4 Qe7) 20... Qe7 $4 {[%eval -75,0]
Blunder. d4 was best.} (20... d4) 21. Nf3 $4 {[%eval -585,0] Blunder. f4 was
best.} (21. f4 Neg4 22. Bf3 d4 23. e4 Bc7 24. b4 Qd7 25. h3 Ne3 26. Nf2 Bb6 27.
bxc5 Rxc5) 21... d4 {[%eval -462,0]} 22. Nxe5 {[%eval -418,0]} Qxe5 {[%eval
-438,0]} 23. f3 $6 {[%eval -855,0] Inaccuracy. Rf1 was best.} (23. Rf1) 23...
Qg5 {[%eval -900,0]} 24. Rc2 {[%eval -1092,0]} Bxg3 {[%eval -1039,0]} 25. hxg3
$6 {[%eval -32733,0] Checkmate is now unavoidable. e4 was best.} (25. e4 Bxe1+
26. Kh1 Qh4 27. Bf1 Ng4 28. Bxd4 cxd4 29. Qb2 Rxc2 30. Qxc2 Ne5 31. Qe2 d3)
25... Qxg3+ {[%eval -32759,0]} 26. Kf1 {[%eval -32759,0]} Ng4 {[%eval -32761,0]
} 0-1

[Event "Kvika Reykjavik Open 2022"]
[Site "Reykjavik, Iceland"]
[Date "2022.04.09"]
[Round "5.29"]
[White "Heimisson, Hilmir Freyr"]
[Black "Zysko, Jan"]
[Result "1-0"]
[WhiteElo "2321"]
[BlackElo "2110"]
[PlyCount "75"]
[EventDate "2022.??.??"]

1. c4 {[%eval 23,0]} Nf6 {[%eval 29,0]} 2. Nc3 {[%eval 8,0]} g6 {[%eval 51,0]}
3. Nf3 {[%eval 25,0]} Bg7 {[%eval 68,0]} 4. g3 {[%eval 19,0]} O-O {[%eval 27,0]
} 5. Bg2 {[%eval 0,0]} d6 {[%eval 49,0]} 6. d4 {[%eval 27,0]} c5 {[%eval 33,0]}
7. dxc5 {[%eval 28,0]} dxc5 {[%eval 2,0]} 8. Ne5 {[%eval 37,0]} Nbd7 {[%eval
48,0]} 9. Nd3 {[%eval 24,0]} Nb6 {[%eval 35,0]} 10. Qb3 $6 {[%eval 46,0]
Inaccuracy. b3 was best.} (10. b3 Nfd5) 10... Be6 {[%eval 65,0]} 11. Nxc5 {
[%eval 52,0]} Bxc4 {[%eval 61,0]} 12. Qa3 {[%eval 61,0]} Nbd5 {[%eval 6,0]} 13.
Bd2 {[%eval 29,0]} b5 {[%eval 46,0]} 14. Nxd5 {[%eval 52,0]} Nxd5 {[%eval 13,0]
} 15. Rd1 $6 {[%eval 95,0] Inaccuracy. Rc1 was best.} (15. Rc1 a5) 15... a5 $6
{[%eval 39,0] Inaccuracy. Qd6 was best.} (15... Qd6 16. O-O) 16. Bc1 $4 {
[%eval -264,0] Blunder. b3 was best.} (16. b3 Nc3 17. bxc4 Nxd1 18. Bxa8 Qxa8
19. O-O b4 20. Bxb4 Nxf2 21. Kxf2 axb4 22. Qxa8 Rxa8) 16... b4 {[%eval -123,0]}
17. Qa4 {[%eval -118,0]} Qd6 {[%eval -128,0]} 18. Qc2 $6 {[%eval -254,0]
Inaccuracy. Be3 was best.} (18. Be3 Bxb2 19. O-O e6 20. Rd2 Bc3 21. Bxd5 Bxd5
22. Ne4 Qb8 23. Bf4 Qb6 24. Nxc3 bxc3) 18... Qxc5 {[%eval -291,0]} 19. Bxd5 {
[%eval -258,0]} Bc3+ $6 {[%eval -136,0] Inaccuracy. Rac8 was best.} (19... Rac8
20. Bxc4) 20. bxc3 {[%eval -104,0]} Bxd5 {[%eval -146,0]} 21. O-O {[%eval -103,
0]} Bb7 $6 {[%eval -4,0] Inaccuracy. Be6 was best.} (21... Be6 22. Qe4 bxc3 23.
Be3 Qf5 24. Qxf5 Bxf5 25. Rd5 c2 26. f3 h5 27. Rc1 Rfd8 28. Rxd8+) 22. Bh6 $6 {
[%eval -116,0] Inaccuracy. Be3 was best.} (22. Be3 Qc6 23. f3 Rfc8 24. Rc1 Ba6
25. Rfe1 a4 26. Rb1 Rab8 27. Kf2 f6 28. Red1 bxc3) 22... Rfc8 {[%eval -293,0]}
23. c4 {[%eval -265,0]} Qc6 {[%eval -235,0]} 24. f3 {[%eval -253,0]} Qe6 $4 {
[%eval 75,0] Blunder. g5 was best.} (24... g5 25. Qe4) 25. c5 $2 {[%eval -9,0]
Mistake. Rd4 was best.} (25. Rd4 Rd8) 25... f6 {[%eval -93,0]} 26. e4 {[%eval
-197,0]} g5 $6 {[%eval -71,0] Inaccuracy. Ba6 was best.} (26... Ba6 27. Rf2)
27. h4 $6 {[%eval -12,0] Inaccuracy. e5 was best.} (27. e5 Re8) 27... gxh4 {
[%eval -34,0]} 28. g4 {[%eval -41,0]} Qe5 $6 {[%eval 8,0] Inaccuracy. Bc6 was
best.} (28... Bc6 29. Qh2) 29. Be3 $6 {[%eval -95,0] Inaccuracy. Rd7 was best.}
(29. Rd7) 29... Bc6 {[%eval -55,0]} 30. Rd2 $6 {[%eval -165,0] Inaccuracy. Qf2
was best.} (30. Qf2) 30... Rd8 {[%eval -146,0]} 31. Rh2 $2 {[%eval -343,0]
Mistake. Qc4+ was best.} (31. Qc4+ Kg7) 31... Bb5 {[%eval -316,0]} 32. Rc1 {
[%eval -385,0]} Rd3 {[%eval -396,0]} 33. Qf2 {[%eval -237,0]} Rad8 $4 {[%eval
-45,0] Blunder. Qg3+ was best.} (33... Qg3+ 34. Rg2) 34. Re1 $2 {[%eval -256,0]
Mistake. Qxh4 was best.} (34. Qxh4 h5 35. Re1 Rxe3 36. Rxe3 Qxc5 37. Qf2 Rd1+
38. Kg2 Qd4 39. Kh3 hxg4+ 40. fxg4 Kf7) 34... Rd1 $2 {[%eval -15,0] Mistake.
Qg3+ was best.} (34... Qg3+) 35. Rxh4 $4 {[%eval -311,0] Blunder. Qxh4 was
best.} (35. Qxh4 Rxe1+ 36. Qxe1 Rd3 37. Rd2 Rxd2 38. Bxd2 Bc4 39. c6 Qd6 40.
Kg2 Qxc6 41. a3 bxa3) 35... Qa1 {[%eval -600,0]} 36. Rxd1 {[%eval -416,0]}
Rxd1+ {[%eval -421,0]} 37. Kg2 {[%eval -599,0]} Rb1 $4 {[%eval 638,0] Blunder.
Re1 was best.} (37... Re1) 38. Bd4 {[%eval 623,0]} 1-0

[Event "Kvika Reykjavik Open 2022"]
[Site "Reykjavik, Iceland"]
[Date "2022.04.09"]
[Round "5.30"]
[White "Ruiz Buendia, Miguel"]
[Black "Lim, Zhuo Ren"]
[Result "0-1"]
[WhiteElo "2092"]
[BlackElo "2317"]
[PlyCount "58"]
[EventDate "2022.??.??"]

1. e4 {[%eval 33,0]} c5 {[%eval 32,0]} 2. Nf3 {[%eval 0,0]} d6 {[%eval 0,0]} 3.
d4 {[%eval 15,0]} cxd4 {[%eval 13,0]} 4. Nxd4 {[%eval 29,0]} Nf6 {[%eval 31,0]}
5. Nc3 {[%eval 18,0]} a6 {[%eval 33,0]} 6. Bg5 {[%eval 0,0]} e6 {[%eval 17,0]}
7. f4 {[%eval 1,0]} Nbd7 {[%eval 21,0]} 8. Qf3 {[%eval 5,0]} Qc7 {[%eval 32,0]}
9. O-O-O {[%eval 59,0]} b5 {[%eval 23,0]} 10. g4 $6 {[%eval 38,0] Inaccuracy.
e5 was best.} (10. e5 Bb7) 10... b4 {[%eval 33,0]} 11. Nd5 {[%eval 38,0]} exd5
{[%eval -97,0]} 12. exd5 {[%eval 81,0]} Be7 {[%eval 6,0]} 13. Re1 {[%eval 82,0]
} Nb8 $2 {[%eval 54,0] Mistake. Kf8 was best.} (13... Kf8 14. Nc6) 14. Bxf6 {
[%eval 29,0]} gxf6 {[%eval 24,0]} 15. Re3 {[%eval 23,0]} Qc5 {[%eval 2,0]} 16.
Nb3 {[%eval 4,0]} Qb6 {[%eval 103,0]} 17. Bd3 {[%eval 0,0]} Ra7 {[%eval 0,0]}
18. Rhe1 {[%eval 0,0]} Kd8 {[%eval 8,0]} 19. Qe4 $4 {[%eval -361,0] Blunder.
Qe2 was best.} (19. Qe2 Re8) 19... f5 {[%eval -332,0]} 20. gxf5 {[%eval -325,0]
} Bf6 {[%eval -329,0]} 21. Qg2 {[%eval -325,0]} Nd7 {[%eval -306,0]} 22. Nd2 {
[%eval -363,0]} Nc5 {[%eval -339,0]} 23. Nc4 {[%eval -436,0]} Nxd3+ {[%eval
-432,0]} 24. cxd3 {[%eval -462,0]} Qc5 {[%eval -404,0]} 25. Qh3 {[%eval -557,0]
} h5 {[%eval -526,0]} 26. b3 {[%eval -647,0]} Bd7 {[%eval -528,0]} 27. d4 {
[%eval -888,0]} Qxd4 {[%eval -863,0]} 28. Nxd6 {[%eval -1577,0]} Rc7+ {[%eval
-1386,0]} 29. Nc4 {[%eval -1338,0]} Rxc4+ {[%eval -1346,0]} 0-1